MARC details
| 000 -CABECERA |
| campo de control de longitud fija |
01007nam a2200217 a 4500 |
| 005 - FECHA Y HORA DE LA ÚLTIMA TRANSACCIÓN |
| campo de control |
20250116063842.0 |
| 008 - ELEMENTOS DE LONGITUD FIJA--INFORMACIÓN GENERAL |
| campo de control de longitud fija |
021115s1961 ag r 000 0 spa d |
| 035 ## - NÚMERO DE CONTROL DEL SISTEMA |
| Número de control de sistema |
UPN01000121030 |
| 049 ## - COLECCIÓN |
| Colección |
CG |
| 050 #4 - SIGNATURA TOPOGRÁFICA DE LA BIBLIOTECA DEL CONGRESO |
| Número de clasificación |
LB1025 |
| Número de documento/Ítem |
M47 1961 |
| 245 00 - MENCIÓN DE TÍTULO |
| Título |
Métodos de la nueva educación / |
| Mención de responsabilidad, etc. |
Lorenzo Luzuriaga ... [et al.]. |
| 250 ## - MENCIÓN DE EDICIÓN |
| Mención de edición |
2a ed. |
| 260 ## - PUBLICACIÓN, DISTRIBUCIÓN, ETC. |
| Lugar de publicación, distribución, etc. |
Buenos Aires : |
| Nombre del editor, distribuidor, etc. |
Losada, |
| Fecha de publicación, distribución, etc. |
1961. |
| 300 ## - DESCRIPCIÓN FÍSICA |
| Extensión |
376 p. |
| 440 #0 - MENCIÓN DE SERIE/ASIENTO SECUNDARIO--TÍTULO |
| Título |
Publicaciones de la Revista de Pedagogía |
| 505 8# - NOTA DE CONTENIDO CON FORMATO PREESTABLECIDO |
| Nota de contenido con formato |
Contenido: |
| Título |
Concepto de la nueva educación / Lorenzo Luzuriaga -- |
| -- |
El método de proyectos / Fernando Sainz -- |
| -- |
El método Decroly / Antonio Ballesteros -- |
| -- |
El método Montessori / Leonor Serrano -- |
| -- |
El método Cousinet / Concepción Saín-Amor -- |
| -- |
El plan Dalton / Fernando Saínz -- |
| -- |
La escuela individualizada / Carleton Washburne -- |
| -- |
El método Mackinder / Margatita Comas |
| 650 #4 - ASIENTO SECUNDARIO DE MATERIA - TERMINO TEMATICO |
| Término de materia o nombre geográfico como elemento de entrada |
Educación |
| 9 (RLIN) |
682 |
| 650 #4 - ASIENTO SECUNDARIO DE MATERIA - TERMINO TEMATICO |
| Término de materia o nombre geográfico como elemento de entrada |
Educación |
| Subdivisión general |
Historia |
| 9 (RLIN) |
6182 |
| 700 1# - ASIENTO SECUNDARIO--NOMBRE DE PERSONAL |
| Nombre de persona |
Luzuriaga, Lorenzo, |
| Fechas asociadas al nombre |
1889-1959 |
| Término indicativo de función/relación |
coaut. |
| 9 (RLIN) |
30333 |
| 905 ## - TIPO DE MATERIAL |
| Tipo de material |
Libro |